000 00410pab a2200145 454500
008 180718b2006 xxu||||| |||| 00| 0 eng d
100 _aSatheesh Kumar T.N.
245 _aIndian family-managed companies: the corporate governance conundrum
260 _c2006
300 _ap.20-40.
362 _aApr
650 _aCorporate governance
773 _aThe ICFAI Journal of Corporate Governance
909 _a69502
999 _c69502
_d69502